Central Library OPAC University of Rajshahi

Manual of fish eggs and larvae from Asian mangrove waters / (Record no. 37700)

MARC details
000 -LEADER
fixed length control field 01166nam a2200349 a 4500
001 - CONTROL NUMBER
control field 37700
003 - CONTROL NUMBER IDENTIFIER
rucl marc code BD-RjUL
005 - DATE AND TIME OF LATEST TRANSACTION
control field 20211209052633.0
008 - FIXED-LENGTH DATA ELEMENTS--GENERAL INFORMATION
fixed length control field 980917s1998 fr a b i000 0 eng d
020 ## - INTERNATIONAL STANDARD BOOK NUMBER
International Standard Book Number 9231034499
035 ## - SYSTEM CONTROL NUMBER
System control number (BD-RjUL)
System control number (OCoLC)39227011
040 ## - CATALOGING SOURCE
Original cataloging agency JNA
Transcribing agency JNA
Modifying agency AGX
-- DLC
Language of cataloging eng
041 ## - LANGUAGE CODE
Language code of text/sound track or separate title eng
072 #0 - SUBJECT CATEGORY CODE
Subject category code M000
082 00 - DEWEY DECIMAL CLASSIFICATION NUMBER
Classification number 597.17698095
Edition number 21
100 1# - MAIN ENTRY--PERSONAL NAME
Personal name Jeyaseelan, M. J. Prince.
9 (RLIN) 115965
245 10 - TITLE STATEMENT
Title Manual of fish eggs and larvae from Asian mangrove waters /
Statement of responsibility, etc. M.J. Prince Jeyaseelan with the collaboration of N. Ramanathan ... [et al.] ; editorial advisor, M. Vannucci.
260 ## - PUBLICATION, DISTRIBUTION, ETC. (IMPRINT)
Place of publication, distribution, etc. Paris :
Name of publisher, distributor, etc. Unesco Pub.,
Date of publication, distribution, etc. 1998.
300 ## - PHYSICAL DESCRIPTION
Pagination xv, 193 p. :
Illustrations ill. ;
Size 30 cm.
500 ## - GENERAL NOTE
General note On cover: ISME.
504 ## - BIBLIOGRAPHY, ETC. NOTE
Bibliography, etc Includes bibliographical references (p. 187-193).
650 #0 - SUBJECT ADDED ENTRY--TOPICAL TERM
Topical term or geographic name as entry element Fishes
Geographic subdivision Asia.
9 (RLIN) 115966
Topical term or geographic name as entry element Fishes
General subdivision Eggs
Geographic subdivision Asia.
9 (RLIN) 115967
Topical term or geographic name as entry element Fishes
General subdivision Larvae
Geographic subdivision Asia.
9 (RLIN) 115968
Topical term or geographic name as entry element Mangrove animals
Geographic subdivision Asia.
9 (RLIN) 115969
710 2# - ADDED ENTRY--CORPORATE NAME
Corporate name or jurisdiction name as entry element Unesco.
9 (RLIN) 115970
Corporate name or jurisdiction name as entry element International Society for Mangrove Ecosystems.
9 (RLIN) 115971
942 ## - ADDED ENTRY ELEMENTS (KOHA)
Source of classification or shelving scheme Dewey Decimal Classification
Koha item type Books
Holdings
Lost status Source of classification or shelving scheme Damaged status Not for loan Permanent Location Current Location Shelving location Date acquired Cost, normal purchase price Total Checkouts Full call number Date last seen Copy number Koha item type
  Dewey Decimal Classification   Not For Loan Institute of Biological Sciences (IBSc) Library Institute of Biological Sciences (IBSc) Library   07/02/2015 1620.00   597.17698095 JEM 1998 07/02/2015 C-1 Books